Album par Cover - Rap 2022 - Statistiques

Statistiques générales
  • Ce quiz a été pris 42 fois
  • Le résultat moyen est 4 sur 9
Statistiques - réponses
Par images Réponse % Correct
KMT
82%
Liens du 100
53%
Hiver à Paris
45%
SVR
39%
Fissure de vie
37%
M.A.N
37%
Nostalgia +
26%
Moussa
24%
Trop tôt pour mourir
11%
Aucun quiz correspondant
Distribution des résultats
% des personnes avec chaque résultat
Percentile par nombre de réponses
Votre historique - résultats
Vous n’avez pas pris ce quiz